LEADER 00780nam a2200229 i 4500 001 000000154594 003 CaOOAMICUS 005 20061020000000.0 008 061020s1967 fr u000 u fre u 013 $a131940 040 $aSeMil$bita 100 1 $aMalraux, André,$d<1901-1976>.$0(OLS)http://semarc/name/4038 245 10$aAntimémoires /$cAndré Malraux. 260 $a[Paris] :$bGallimard,$ccopyr. 1967. 300 $a604 p. ;$c21 cm. 500 $aFondo Ciprandi. 850 $aSeMil 852 $aSeMil$W1$xVenegono$y1$m1W III 228$j106452$B106452$CSeMilBibl$Z2$F115675 $81 941 1 $a1 961 $aOmaggio: Ciprandi dott. Paolo 996 $6245$aAntimémoires$9(OLS)http://semarc/title/226256 996 $6260$a[Paris] :$bGallimard$9(OLS)http://semarc/publisher/30050 LEADER 01086nam a2200265 i 4500 001 000000190461 003 CaOOAMICUS 005 20100616000000.0 008 100616s1984 fr u000 u fre u 013 $a168874 020 $a2-7010-1098-5 040 $aSeMil$bita 100 1 $aZwingli, Huldrych <1484-1531>.$0(OLS)http://semarc/name/14063 245 13$aLe Berger /$cHuldrych Zwingli ; traduction française du traité "Der Hirt" par Jacques Courvoisier. 260 $aParis :$bBeauchesne,$ccopyr. 1984. 300 $a89 p. ;$c22 cm. 490 0 $aTextes, dossiers, documents ;$v9 700 1 $aCourvoisier, Jacques,$d<1900-1998>.$0(OLS)http://semarc/name/16132 830 0$aTextes, dossiers, documents ;$v9.$0(OLS)http://semarc/title/113 850 $aSeMil 852 $aSeMil$W1$xVenegono$y1$m2U I 191$j141080$B141080$CSeMilBibl$Z2$F152701 $81 961 $aOmaggio: Altro 996 $6020$a2-7010-1098-5$9(OLS)http://semarc/number/181381 996 $6245$aLe Berger$9(OLS)http://semarc/title/274385 996 $6260$aParis :$bBeauchesne$9(OLS)http://semarc/publisher/29638